LEADER 03345nam 2200613Ia 450 001 9910463954203321 005 20200520144314.0 010 $a0-19-935279-8 010 $a0-19-934424-8 035 $a(CKB)2670000000410990 035 $a(EBL)1341158 035 $a(OCoLC)855907775 035 $a(SSID)ssj0000949965 035 $a(PQKBManifestationID)12412561 035 $a(PQKBTitleCode)TC0000949965 035 $a(PQKBWorkID)11004776 035 $a(PQKB)11340313 035 $a(StDuBDS)EDZ0000141799 035 $a(MiAaPQ)EBC1341158 035 $a(Au-PeEL)EBL1341158 035 $a(CaPaEBR)ebr10742674 035 $a(CaONFJC)MIL509418 035 $a(EXLCZ)992670000000410990 100 $a20120829d2013 uy 0 101 0 $aeng 135 $aur|n|---||||| 181 $ctxt 182 $cc 183 $acr 200 04$aThe difficult airway$b[electronic resource] $ea practical guide /$fedited by Carin A. Hagberg, Carlos A. Artime, William H. Daily 210 $aOxford $cOxford University Press$d2013 215 $a1 online resource (207 p.) 300 $aDescription based upon print version of record. 311 $a0-19-979441-3 320 $aIncludes bibliographical references and index. 327 $aCover; Contents; Contributors; Chapter 1: Airway Assessment; Chapter 2: Preparation for Awake Intubation; Chapter 3: Preoxygenation Strategies and Positioning Tips; Chapter 4: Mask Ventilation; Chapter 5: Nasotracheal Intubation; Chapter 6: Supraglottic Airway Devices; Chapter 7: ETTs and Laryngoscopy Techniques; Chapter 8: Intubation Stylets; Chapter 9: Flexible Fiberoptic Intubation; Chapter 10: Retrograde Intubation; Chapter 11: Percutaneous Transtracheal Jet Ventilation; Chapter 12: Cricothyrotomy; Chapter 13: Extubation Catheters; Chapter 14: Combination Techniques 327 $aChapter 15: Pediatric Airway ManagementChapter 16: Difficult Airway Supplies; Chapter 17: Special Considerations for Out of the Operating Room and Cardiopulmonary Resuscitation; Chapter 18: Communication of the Difficult Airway and Dissemination of Critical Airway Information; Index; A; B; C; D; E; F; G; H; I; J; K; L; M; N; O; P; Q; R; S; T; U; V; W 330 $aAlthough a cornerstone of the practice of Anesthesiology, airway management is also frequently performed by emergency physicians, intensivists, and other clinicians. Because airway devices and techniques are constantly changing, trainees in these professions must achieve proficiency with a variety of instruments and methods, and even experienced practitioners should continually update their airway skills. The Difficult Airway: A Practical Guide provides practical guidance on improving the success rates of airway managers of all specialties who use modern airway devices and techniques. The book 606 $aAirway (Medicine) 606 $aRespiratory organs$xObstructions 608 $aElectronic books. 615 0$aAirway (Medicine) 615 0$aRespiratory organs$xObstructions. 676 $a615.8/36 701 $aHagberg$b Carin A$0971047 701 $aArtime$b Carlos A$0971048 701 $aDaily$b William H$0971049 801 0$bMiAaPQ 801 1$bMiAaPQ 801 2$bMiAaPQ 906 $aBOOK 912 $a9910463954203321 996 $aThe difficult airway$92207167 997 $aUNINA LEADER 02961nam 2200637Ia 450 001 9910465759603321 005 20200520144314.0 010 $a9786611825829 010 $a1-281-82582-4 010 $a0-19-156357-9 035 $a(CKB)2560000000293319 035 $a(EBL)415781 035 $a(OCoLC)476244893 035 $a(SSID)ssj0000247426 035 $a(PQKBManifestationID)11195966 035 $a(PQKBTitleCode)TC0000247426 035 $a(PQKBWorkID)10195725 035 $a(PQKB)11428430 035 $a(StDuBDS)EDZ0000021925 035 $a(MiAaPQ)EBC415781 035 $a(Au-PeEL)EBL415781 035 $a(CaPaEBR)ebr10254394 035 $a(CaONFJC)MIL182582 035 $a(EXLCZ)992560000000293319 100 $a20080411d2008 uy 0 101 0 $aeng 135 $aur|n|---||||| 181 $ctxt 182 $cc 183 $acr 200 10$aSocial economy of the metropolis$b[electronic resource] $ecognitive-cultural capitalism and the global resurgence of cities /$fAllen J. Scott 210 $aOxford ;$aNew York $cOxford University Press$d2008 215 $a1 online resource (197 p.) 300 $aDescription based upon print version of record. 311 $a0-19-954930-3 311 $a0-19-170151-3 320 $aIncludes bibliographical references (p. 157-172) and index. 327 $aContents; List of Illustrations; List of Tables; 1. The Resurgent City; 2. Inside the City; 3. Production and Work in the American Metropolis; 4. The Cognitive-Cultural Economy and the Creative City; 5. Culture, Economy, and the City; 6. Chiaroscuro: Social and Political Components of the Urban Process; 7. City-Regions: Economic Motors and Political Actors on the Global Stage; 8. Coda; References; Index; A; B; C; D; E; F; G; H; I; J; K; L; M; N; O; P; R; S; T; U; V; W; Y; Z 330 $aThis book is about the renaissance of cities in the twenty first century and their increasing role as centers of creative economic activity. Allen Scott is one of the world's foremost thinkers on globalization and the economies of modern cities, and in this book presents a concise introduction to his innovative and insightful perspective. - ;This book is about the renaissance of cities in the twenty first century and their increasing role as centers of creative economic activity. It attempts to put some conceptual and descriptive order around issues of urbanization in the contemporary world, e 606 $aSociology, Urban 606 $aCities and towns$xGrowth 606 $aCapitalism 608 $aElectronic books. 615 0$aSociology, Urban. 615 0$aCities and towns$xGrowth. 615 0$aCapitalism. 676 $a307.76 676 $a330.91732 700 $aScott$b Allen John$035255 801 0$bMiAaPQ 801 1$bMiAaPQ 801 2$bMiAaPQ 906 $aBOOK 912 $a9910465759603321 996 $aSocial economy of the metropolis$940928 997 $aUNINA